000 01828cam a22004334i 4500
003 PE-LiUPU
005 20250731175640.0
008 150706s r 000 0 d
020 _a9781405882026
035 _a(Sirsi) i9781405882026
040 _aPE-LiUPU
_bspa
_cPE-LiUPU
_erda
049 _aPRUA
082 0 4 _a428.6461
_bPR 3r
_221
100 1 _aSmith, Bernard,
_d1916- ,
_eautor.
245 1 4 _aThe ring /
_cBernard Smith.
264 1 _aHarlow :
_bPearson Education,
_c2008.
300 _a56 páginas :
_bilustraciones ;
_c20 cm.
300 _a02 CD-ROM
336 _atext
_2rdacontent
337 _aunmediated
_2rdamedia
338 _avolume
_2rdacarrier
490 0 _aPenguin Readers ;
_vLevel 3
505 0 _aThe madman on the beach -- Rafael´s father and the sharks -- Anita, the shopkeeper´s daughter -- The soldier -- The gold ring -- The night when Rafael danced -- Two visits -- The young princess -- The true prince -- "The ring of the golden fish" -- Rosa´s promise -- A terrible secret -- In the hospital -- The murder -- The truth, at last -- Activities -- Word list.
526 _aP145
526 _aP127
526 _aP97
526 _aP35
526 _aP14
526 _aP07
541 _g002-0046574;
650 1 4 _aInglés
_vLibros de Lectura.
700 1 _aHarris, Nick,
_eil.
910 _agl20120514
942 _2ddc
_cBOOK
949 _a428.6461 PR 3R
_wDEWEY
_c1
_i64615
_lCCODEBUL1
_mBUL
_p5.00
_r0
_sY
_tBOOK
_u2015-7-6
_xEDUCACION
_PP20
_o.STAFF. Colección General
994 _aC0
_bPEPRU
596 _a1
999 _a428.6461 PR 3R
_wDEWEY
_c53325
_i64615
_f2021-11-8
_g5
_lCCODEBUL1
_mBUL
_p5.00
_r0
_sY
_tBOOK
_u2015-7-6
_xEDUCACION
_PP20
_0COMPRA
_o.STAFF. Colección General
_d53325
980 _81
_gALBERTO SANCHEZ Responsable de Automatización